| 000 | 00753nam a2200217 a 4500 | ||
|---|---|---|---|
| 001 | 000030987 | ||
| 003 | DO-SdBNP | ||
| 005 | 20210607120630.0 | ||
| 008 | 110301s1920 dr b 000 0 spa d | ||
| 040 |
_aDO-SdBNP _bspa _cBNPHU |
||
| 082 | 4 |
_a304.6097293 _bR426p, 1920 |
|
| 110 | 1 |
_aRepública Dominicana _bSecretaría de Estado de lo Interior y Policía _954546 |
|
| 245 | 1 | 0 | _aPrimer censo nacional. |
| 260 |
_aSanto Domingo : _bSecretaría de lo Estado de Interior y Policía, _c1920. |
||
| 300 |
_a160 p. ; _c23 cm. |
||
| 590 | _aInventariado, 2021/MFF | ||
| 651 | 4 |
_aRepública Dominicana _xCensos, _y1920 _978752 |
|
| 651 | 4 |
_aRepública Dominicana _xPoblación _xEstadísticas _y1920 _978753 |
|
| 910 | _aValidado, 2021/MFF | ||
| 942 |
_2ddc _cLBS1 |
||
| 999 |
_c30479 _d30479 |
||